Přehled mluvnického učiva škol druhého stupně.

Uložené v:
Podrobná bibliografia
Hlavný autor: Vítek, F.
Médium: Kniha
Jazyk:Slovak
Vydané: Brno, 1948.
Fyzický popis: 78 s.
Tagy: Pridať tag
Žiadne tagy, Buďte prvý kto otaguje tento záznam!

MARC

LEADER 00000nam a22000004a 4500
001 000600430
005 20181121132500.0
008 181121s1948 xo e 000 0 slo d
040 |a SVKKK  |b slo  |c SVKKK  |e AACR2 
100 1 |a Vítek, F. 
245 1 0 |a Přehled mluvnického učiva škol druhého stupně. 
260 |a Brno,  |c 1948. 
300 |a 78 s. 
500 |a Záznam revízie 
910 |a svkkk 
998 |a BK 
090 |g SCKHL  |k Sklad Pribinova 2. posch.  |a III.15706  |j 77168  |i 2720364367  |s Prezenčne